Taylor Swift songs starting with O - Statistics

General Stats
  • This quiz has been taken 68 times
  • The average score is 4 of 6
Answer Stats
Answer % Correct
Ours
85%
Out Of The Woods
85%
Our Song
81%
The Outside
60%
The Other Side Of The Door
53%
Only The Young
51%
No matching quizzes found
Score Distribution
Percent of People with Each Score
Percentile by Number Answered
Your Score History
You have not taken this quiz